000 00848nam a2200277Ia 4500
001 Para_6230
003 CHAP
008 220125s1982 xx 000 0 und d
010 _a204973
040 _cCHAP
090 _aPA FOLLETO 330
110 _aInstituto Nacional de Investigaciones Agrícolas (México)
_959316
245 _aMemoria de la investigación agrícola del INIA de 1977 a 1982 :
_b desarrollo y evolución /
_c por INIA
260 _aMéxico :
_b El Instituto
300 _a85 p.
650 _aAgricultura
_x investigación
_xMéxico
_91643
650 _aMaíz
_x investigación
_970984
650 _aMaíz
_x México
_9143313
901 _aPA FOLLETO 330
902 _aA
905 _a0000001982 a 0000000000 00
910 _a1982
942 _cPARA
942 _cPARA
_d1
999 _c204973
_d204973